000 00432cam a2200193 4500
001 D2101
008 090401t1978 xxu||||| |||| 00| 0 eng d
035 _a(Sirsi) u67431
041 _aeng
050 _a333.33
100 _aCadman, David
245 _aProperty development
260 _aLondon
_bSpon
_c1978
300 _a245p. 21cm
350 _a4.95
700 _aAustin-Crowe, Leslie
942 _n0
948 _c04/03/1997
999 _c95008
_d95008